| 000 | 00392 a2200145 4500 | ||
|---|---|---|---|
| 005 | 20250628130213.0 | ||
| 020 | _a0176042520 | ||
| 082 | _a651.5 LAN | ||
| 245 | _aInformation and Image Management: A records System Approach | ||
| 250 | _a3rd Ed. | ||
| 260 |
_aNew York _bITP Nelson. _c1997. |
||
| 300 |
_aviii,548p. _bindex _c23cm. |
||
| 700 | _aSWAFFORD,A., GOW,K & FLEMMING | ||
| 942 |
_2ddc _cBKS |
||
| 999 |
_c6013 _d6013 |
||